000 01611cam a22004694i 4500
003 PE-LiUPU
005 20250731184608.0
008 150616s r 000 0 d
020 _a0943872987
035 _a(Sirsi) i9780943872988
040 _aPE-LiUPU
_bspa
_cPE-LiUPU
_erda
049 _aPRUA
082 0 4 _a915.695
_bM56
_221
100 1 _aHendrix, Ralph E.,
_eautor.
245 1 0 _aMadaba Plains Project: The 1987 Season at Tell el- Umeiri and Vicinity and Subsequent Studies.
_n2.
264 1 _aBerrien Springs, Michigan :
_bAndreeews University Press,
_c1991.
300 _a623 páginas ;
_c21 centímetros
336 _atext
_2rdacontent
337 _aunmediated
_2rdamedia
338 _avolume
_2rdacarrier
505 0 _aOverview.- Tell El-Umeiri.- Vicinity.- Subsequent studies.
526 _aP136
526 _aP135
526 _aP134
526 _aP133
526 _aP144
526 _aP143
526 _aP87
526 _aP35
526 _aP20
526 _aP14
526 _aP10
526 _aP06
650 0 4 _aEXCAVACIONES ARQUEOLOGICAS - JORDANIA - MADABA - TELL EL-UMEIRI.
910 _ajck
_bjvq
_cjck
942 _2ddc
_cBOOK
949 _a915.695 M56 2
_wDEWEY
_c1
_i42600
_lCCODEBUL1
_mBUL
_r0
_sY
_tBOOK
_u2015-6-16
_xTEOLOGIA
_zUNKNOWN
_0COMPRA
_o.STAFF. Colección General
994 _aC0
_bPEPRU
596 _a1
999 _a915.695 M56 2
_wDEWEY
_c60436
_i42600
_f2021-11-11
_g5
_lCCODEBUL1
_mBUL
_r0
_sY
_tBOOK
_u2015-6-16
_xTEOLOGIA
_zUNKNOWN
_0COMPRA
_o.STAFF. Colección General
_d60436
980 _81
_gALBERTO SANCHEZ Responsable de Automatización